00635nam a2200229 a 4500001001300000003000900013005001700022008004100039020001000080082001300090100001700103245003100120260003400151300000900185500003500194650001300229700001700242902000800259942000700267952011400274999001700388nice12345678IN_TiNIC20260116013813.0070413s1994 dela grp 000 0 eng  ac54000a200bBEY aBeyer, Peter aReligion and Globalization aDelhibSage Publicationc1994 a250p aincludes index and biblioraphy aReligion1 aBeyer, Peter bSRS cBK 001040708StackRoom-aHMIbHMId2007-08-29g540.00l0o200 BEYp016122r2007-08-29v540.00w2007-04-13yBK c12590d12590